SEO workbook: search engine optimization success in seven steps (Record no. 591062)

000 -LEADER
fixed length control field 00487nam a22001817a 4500
003 - CONTROL NUMBER IDENTIFIER
control field NUST
005 - DATE AND TIME OF LATEST TRANSACTION
control field 20220816141231.0
008 - FIXED-LENGTH DATA ELEMENTS--GENERAL INFORMATION
fixed length control field 220816b ||||| |||| 00| 0 eng d
020 ## - INTERNATIONAL STANDARD BOOK NUMBER
International Standard Book Number 9781726634977
038 ## - RECORD CONTENT LICENSOR
Staff Name Azhar
082 ## - DEWEY DECIMAL CLASSIFICATION NUMBER
Classification number 025.04
Author Mark MCD
100 ## - MAIN ENTRY--PERSONAL NAME
Personal name MCDonald, Jason
9 (RLIN) 97476
245 ## - TITLE STATEMENT
Title SEO workbook: search engine optimization success in seven steps
Statement of responsibility, etc. Jason McDonald
250 ## - EDITION STATEMENT
Edition statement 2021 edition
260 ## - PUBLICATION, DISTRIBUTION, ETC.
Place of publication, distribution, etc. USA
Name of publisher, distributor, etc. Jason McDonald
Date of publication, distribution, etc. 2021
300 ## - PHYSICAL DESCRIPTION
Extent 346p
942 ## - ADDED ENTRY ELEMENTS (KOHA)
Source of classification or shelving scheme
Koha item type Lincoln Corner
Holdings
Withdrawn status Lost status Source of classification or shelving scheme Damaged status Not for loan Permanent Location Current Location Shelving location Date acquired Full call number Barcode Date last seen Price effective from Koha item type
          Central Library (CL) Central Library (CL) Lincoln Corner 08/16/2022 025.04 MCD LC-235 08/16/2022 08/16/2022 Reference
© 2023 Central Library, National University of Sciences and Technology. All Rights Reserved.